[Event "Navarra-chTA"]
[Site "Pamplona"]
[Date "2015.10.17"]
[Round "2.3"]
[White "Ojer Lora, Iker"]
[Black "Barberia Fernandez, Inaki"]
[Result "1-0"]
[WhiteElo "2061"]
[BlackElo "1866"]
[PlyCount "50"]
[EventDate "2015.10.10"]
[EventType "team-tourn"]
[EventRounds "7"]
[EventCountry "ESP"]
[SourceTitle "CBM 169 Extra"]
[Source "ChessBase"]
[SourceDate "2015.12.18"]
[SourceVersion "1"]
[SourceVersionDate "2015.12.18"]
[SourceQuality "1"]
[WhiteTeam "Paz de Ziganda"]
[BlackTeam "Runa"]
[WhiteTeamCountry "ESP"]
[BlackTeamCountry "ESP"]

1. e4 c5 2. a3 d6 3. b4 b6 4. Nc3 e6 5. Nf3 Nd7 6. g3 Ngf6 7. Bg2 Bb7 8. Qe2 Be7 9. 0-0 0-0 10. d4 cxd4 11. Nxd4 Rc8 12. Bb2 Ne5 13. Ra2 a6 14. Rd1 Qc7 15. h3 Nc4 16. Ba1 Rfd8 17. b5 axb5 18. Ncxb5 Qd7 19. a4 d5 20. Na7 Ra8 21. Ndb5 Ba6 22. exd5 Nxd5 23. Qxc4 Rxa7 24. Qg4 e5 25. Nxa7 Qxa7 1-0

[Event "Pamplona Puente Foral op"]
[Site "Pamplona"]
[Date "2014.12.08"]
[Round "7"]
[White "Barberia Fernandez, Inaki"]
[Black "Ortega Lopez, Mikel"]
[Result "1/2-1/2"]
[WhiteElo "1914"]
[BlackElo "2008"]
[PlyCount "87"]
[EventDate "2014.12.03"]
[EventType "swiss"]
[EventRounds "7"]
[EventCountry "ESP"]
[SourceTitle "CBM 163 Extra"]
[Source "ChessBase"]
[SourceDate "2014.12.23"]
[SourceVersion "1"]
[SourceVersionDate "2014.12.23"]
[SourceQuality "1"]

1. d4 Nf6 2. Bg5 c5 3. Bxf6 gxf6 4. d5 Qb6 5. Qc1 Bg7 6. c4 f5 7. Nc3 Qa5 8. g3 d6 9. e3 Bxc3+ 10. bxc3 Nd7 11. Nf3 Nf6 12. Nd2 Ne4 13. f3 Nxc3 14. Bd3 Na4 15. Kf2 Bd7 16. e4 fxe4 17. Nxe4 h6 18. Re1 0-0-0 19. Rb1 f5 20. Nd2 Rde8 21. Rb3 Qd8 22. Qb1 Nb6 23. Bxf5 Ref8 24. Bxd7+ Qxd7 25. Re6 Rf7 26. Rbe3 Rhh7 27. Qe4 Qa4 28. Rg6 Qxa2 29. Rg8+ Kc7 30. Ke2 a5 31. Rb3 Qa1 32. Qg4 a4 33. Rxb6 Kxb6 34. Qd7 Ka7 35. Qb5 Qc3 36. Qxa4+ Kb6 37. Rc8 e6 38. Qb5+ Ka7 39. Qa4+ Kb6 40. Qb5+ Ka7 41. dxe6 Re7 42. Qa4+ Kb6 43. Qb5+ Ka7 44. Qa4+ 1/2-1/2

[Event "Pamplona Puente Foral op"]
[Site "Pamplona"]
[Date "2014.12.05"]
[Round "3"]
[White "Barberia Fernandez, Inaki"]
[Black "Soriano Ascaso, Ignacio"]
[Result "0-1"]
[WhiteElo "1914"]
[BlackElo "2125"]
[PlyCount "43"]
[EventDate "2014.12.03"]
[EventType "swiss"]
[EventRounds "7"]
[EventCountry "ESP"]
[SourceTitle "CBM 163 Extra"]
[Source "ChessBase"]
[SourceDate "2014.12.23"]
[SourceVersion "1"]
[SourceVersionDate "2014.12.23"]
[SourceQuality "1"]

1. d4 g6 2. e4 Bg7 3. Nf3 d6 4. Bc4 a6 5. a4 b6 6. Nc3 e6 7. Bg5 Ne7 8. 0-0 Bb7 9. d5 e5 10. Nd2 h6 11. Bxe7 Qxe7 12. f4 exf4 13. Rxf4 Nd7 14. e5 Nxe5 15. Re4 f5 16. Re1 Qh4 17. Bb3 0-0 18. Ne2 Ng4 19. Nf1 Qf2+ 20. Kh1 f4 21. Nd4 Bxd4 22. Qxg4 0-1

[Event "Navarra-chT Preferente"]
[Site "Navarra"]
[Date "2012.11.24"]
[Round "7.3"]
[White "Barberia Fernandez, Inaki"]
[Black "Anguas Fanlo, Sergio"]
[Result "0-1"]
[WhiteElo "1898"]
[BlackElo "2053"]
[PlyCount "70"]
[EventDate "2012.10.13"]
[EventType "team"]
[EventRounds "7"]
[EventCountry "ESP"]
[SourceTitle "EXT 2014"]
[Source "ChessBase"]
[SourceDate "2013.11.20"]
[SourceVersion "1"]
[SourceVersionDate "2013.11.20"]
[SourceQuality "1"]
[WhiteTeam "Runa"]
[BlackTeam "Mikel Gurea Graficas Arga"]
[WhiteTeamCountry "ESP"]
[BlackTeamCountry "ESP"]

1. d4 b6 2. Nf3 Bb7 3. Bg5 h6 4. Bh4 Nf6 5. e3 e6 6. Nbd2 Be7 7. Bd3 d6 8. c3 Nbd7 9. Qc2 0-0 10. 0-0 e5 11. dxe5 dxe5 12. Bg3 Bd6 13. b4 Re8 14. Nh4 e4 15. Bc4 Bxg3 16. fxg3 Ne5 17. Rad1 Nxc4 18. Nxc4 Qe7 19. Nf5 Qe6 20. Nd2 g6 21. Nd4 Qe7 22. c4 Ng4 23. Qc3 Qg5 24. Rf4 Qh5 25. h3 Nxe3 26. Re1 Nf5 27. g4 Qh4 28. Ref1 Nxd4 29. Qxd4 Rad8 30. Qb2 Re7 31. Kh2 Rd3 32. Nf3 exf3 33. g3 Qg5 34. Rf2 Qe5 35. Qb1 Qe1 0-1

[Event "Navarra-chT Preferente"]
[Site "Navarra"]
[Date "2012.11.03"]
[Round "4.2"]
[White "Barberia Fernandez, Inaki"]
[Black "Ramirez Parra, Diego"]
[Result "1-0"]
[WhiteElo "1898"]
[BlackElo "2079"]
[PlyCount "131"]
[EventDate "2012.10.13"]
[EventType "team"]
[EventRounds "7"]
[EventCountry "ESP"]
[SourceTitle "EXT 2014"]
[Source "ChessBase"]
[SourceDate "2013.11.20"]
[SourceVersion "1"]
[SourceVersionDate "2013.11.20"]
[SourceQuality "1"]
[WhiteTeam "Runa"]
[BlackTeam "Santa Ana"]
[WhiteTeamCountry "ESP"]
[BlackTeamCountry "ESP"]

1. d4 Nf6 2. Nf3 c5 3. e3 g6 4. Bd3 d5 5. c3 Bg7 6. Nbd2 0-0 7. 0-0 Nc6 8. Re1 e5 9. Nxe5 Nxe5 10. dxe5 Ng4 11. f4 f6 12. h3 Nh6 13. exf6 Qxf6 14. Nf3 Qb6 15. Bc2 Rd8 16. Bb3 c4 17. Bc2 Nf5 18. Nd4 Nxd4 19. exd4 Rf8 20. Qf3 Qd6 21. Bd2 Bh6 22. Re5 Be6 23. Rae1 Rae8 24. Qe2 Bd7 25. Qf3 Be6 26. Qg3 Bg7 27. R5e2 Rf6 28. Qh2 Ref8 29. g4 Bd7 30. Qg2 R6f7 31. h4 Kh8 32. Kh1 b5 33. Rf1 Qf6 34. g5 Qd6 35. Qh2 Bg4 36. Ref2 Qd7 37. Qg3 a5 38. a3 b4 39. axb4 axb4 40. Ba4 Qf5 41. Re1 b3 42. Bc6 Rc7 43. Bb5 Rb7 44. Bc6 Rc7 45. Bb5 Bh5 46. Qg2 Rb8 47. Ba4 Ra8 48. Re8+ Rxe8 49. Bxe8 Qc8 50. Bb5 Qb7 51. Ba4 Re7 52. f5 gxf5 53. Qh3 Bg4 54. Qg3 Qa8 55. Qd6 Bf8 56. Qf6+ Rg7 57. Bc6 Qb8 58. Bf4 Qc8 59. Bxd5 Be7 60. Qb6 Bf8 61. Be5 Qe8 62. Bxg7+ Bxg7 63. Qe6 Qb8 64. Rf1 Bh3 65. Ra1 f4 66. Qxh3 1-0